000
00401nam a2200133Ia 4500
008
151001s9999||||xx |||||||||||||| ||und||
100
_a
आपटे गुरुजी
245
_a
स्वराज्यमार्गदर्शक लोकमान्य टिळक
250
_a
4
260
_b
के भि ढवळे
260
_c
1956
300
_a
208
365
_b
18
999
_c
967517
_d
967514